Mechanical engineering design / (Record no. 818)
[ view plain ]
| 000 -LEADER | |
|---|---|
| fixed length control field | 00706nac a22002171u 4500 |
| 008 - FIXED-LENGTH DATA ELEMENTS--GENERAL INFORMATION | |
| fixed length control field | 110630s2001 mau|||||r|||| 001 0 eng d |
| 010 ## - LIBRARY OF CONGRESS CONTROL NUMBER | |
| LC control number | 00055039 |
| 020 ## - INTERNATIONAL STANDARD BOOK NUMBER | |
| International Standard Book Number | 0073659398 |
| 020 ## - INTERNATIONAL STANDARD BOOK NUMBER | |
| International Standard Book Number | 9780073659398 |
| 082 00 - DEWEY DECIMAL CLASSIFICATION NUMBER | |
| Classification number | 621.815 |
| Item number | SHI |
| Edition number | 22 |
| 100 ## - MAIN ENTRY--PERSONAL NAME | |
| Personal name | Shigley, Joseph Edward |
| 9 (RLIN) | 26023 |
| 245 10 - TITLE STATEMENT | |
| Title | Mechanical engineering design / |
| Statement of responsibility, etc | Joseph E. Shigley, Charles R. Mischke, Richard G. Budynas |
| 250 ## - EDITION STATEMENT | |
| Edition statement | 6th ed. |
| 260 ## - PUBLICATION, DISTRIBUTION, ETC. (IMPRINT) | |
| Place of publication, distribution, etc | Boston, Mass. : |
| Name of publisher, distributor, etc | McGraw Hill,2001. |
| Date of publication, distribution, etc | 2001. |
| 300 ## - PHYSICAL DESCRIPTION | |
| Extent | xxxi, 1248 p. : |
| Other physical details | ill. ; |
| Dimensions | 26 cm. |
| 500 ## - GENERAL NOTE | |
| General note | Includes index. |
| 650 #0 - SUBJECT ADDED ENTRY--TOPICAL TERM | |
| Topical term or geographic name as entry element | Machine design. |
| 9 (RLIN) | 26024 |
| 700 1# - ADDED ENTRY--PERSONAL NAME | |
| Personal name | Mischke, Charles R. |
| 9 (RLIN) | 26025 |
| 700 1# - ADDED ENTRY--PERSONAL NAME | |
| Personal name | Budynas, Richard G. |
| 9 (RLIN) | 4840 |
| 942 ## - ADDED ENTRY ELEMENTS (KOHA) | |
| Item type | Book - Borrowing |
| Call number prefix | 621.815 SHI |
| Source of classification or shelving scheme | Dewey Decimal Classification |
| Withdrawn status | Item status | Source of classification or shelving scheme | Damaged status | Not for loan | Vendor | Home library | Current library | Shelving location | Date acquired | Source of acquisition | Cost, normal purchase price | Total Checkouts | Total Renewals | Full call number | Barcode | Date last seen | Date last borrowed | Cost, replacement price | Koha item type |
|---|---|---|---|---|---|---|---|---|---|---|---|---|---|---|---|---|---|---|---|
| Dewey Decimal Classification | Central Library | Central Library | First floor | 31/07/2006 | 250.00 | 16 | 181 | 621.815 SHI | 000003739 | 15/07/2025 | 08/04/2023 | 312.50 | Book - Borrowing | ||||||
| Dewey Decimal Classification | Central Library | Central Library | First floor | 09/05/2010 | 250.00 | 621.815 SHI | 000006853 | 24/08/2022 | 312.50 | CD | DVD - With book |